Propuesta de Reglamento Técnico Organizativo de Higiene y Seguridad, para áreas administrativas y el taller mecánico automotriz en la empresa COICSA, Ocotal
Presenta la elaboración de una propuesta de reglamento técnico organizativo de higiene y seguridad, para áreas administrativas y el taller mecánico automotriz en la empresa COICSA, la empresa se dedica a la construcción de obras verticales y horizontales en la zona norte del país, y cuenta con...
| Main Authors: | , , |
|---|---|
| Other Authors: | |
| Format: | Tesis Section = Libro |
| Language: | Undetermined Spanish |
| Published: |
Managua
UNI/RUACS
2016
|
| Subjects: |
| LEADER | 01461nam a2200301Ia 4500 | ||
|---|---|---|---|
| 008 | 240830s9999 xx 000 0 und d | ||
| 040 | |a BIBLIOTECA-RUPAP Mon 658.38 O48 | ||
| 041 | |a spa | ||
| 082 | |a Mon 658.38 O48 | ||
| 100 | 1 | |a Olivas Talavera, Ana Gabriela | |
| 100 | 1 | |b Duarte Centeno, Heynar Giovanny | |
| 100 | 1 | |c Jiménez Marín, José Bladimir | |
| 245 | 1 | 0 | |a Propuesta de Reglamento Técnico Organizativo de Higiene y Seguridad, para áreas administrativas y el taller mecánico automotriz en la empresa COICSA, Ocotal |
| 260 | |a Managua |b UNI/RUACS |c 2016 | ||
| 300 | |a 105 p. :il. | ||
| 500 | |a Contiene: anexos e Incluye: CD. | ||
| 502 | |a Tesis (Ingeniero Industrial)- UNI, 2016. | ||
| 520 | 3 | |a Presenta la elaboración de una propuesta de reglamento técnico organizativo de higiene y seguridad, para áreas administrativas y el taller mecánico automotriz en la empresa COICSA, la empresa se dedica a la construcción de obras verticales y horizontales en la zona norte del país, y cuenta con su propio taller mecánica automotriz donde realizan todo tipo de reparación como mantenimiento a su maquinaria. | |
| 650 | 7 | |a HIGIENE Y SEGURIDAD | |
| 650 | 7 | |b RIESGOS LABORALES | |
| 650 | 7 | |c CONTROL DE RIESGOS LABORALES | |
| 650 | 7 | |d ACCIDENTES DE TRABAJO | |
| 650 | 7 | |e HIGIENE INDUSTRIAL | |
| 650 | 7 | |f RIESGOS PROFESIONALES | |
| 700 | 1 | |a Tutor: |b Videa Bustillo, Mariliana | |
| 942 | |c BK |2 ddc | ||
| 991 | |a TESIS | ||
| 999 | |c 17148 | ||